00244nam a2200097Ia 4500082001200000245001900012100004800031942000700079008004100086999001900127 aAF SMIT 0aIn die visier  a SMITH, Bets Pretoria, 2002 912588 cBK210817s9999 xx 000 0 und d c399942d399941